Statistics for Do YoU kNoW tHe LyRiCs tO... "Piano Man" by Billy Joel

Click here to take the quiz!

General Stats

  • This quiz has been taken 427 times
  • The average score is 54 of 65

Answer Stats

Missing Lyric% Correct
It's nine o'clock on aSaturday
99%
There's an old mansittingnext to me
99%
Makinglove
98%
I'm not really sure how itgoes
98%
to histonic
96%
andgin
96%
But it's sad and it'ssweet
96%
and I knew itcomplete
96%
When I wore ayoungerman's clothes"
95%
Sing us a songtonight
93%
And you've got usfeelin'alright
93%
The regular crowdshufflesin
93%
Well, we're all in the mood for amelody
93%
But there'ssomeplacethat he'd rather be
91%
is afriendof mine
91%
Sing us a songyou'rethe piano man
90%
He says, "Son can you play me amemory
90%
And you got usfeelin'alright
89%
If I could get out of thisplace
89%
up yoursmoke
89%
or tolight
89%
He get's me mydrinksfor free
89%
Well we're all in a mood for amelody
89%
And he's quick with ajoke
88%
Sing us a songtonight
88%
I believe this iskillingme"
87%
But it's better than drinkin'alone
87%
As thesmileran away from his face
86%
Sing us a songyou'rethe piano man
86%
'Cause he knows that it's me they've been coming tosee
85%
is practicingpolitics
85%
And you've got usfeelin'alright
84%
Well we're all in the mood for amelody
84%
calledloneliness
84%
And probably will be forlife
84%
I'm sure that I could be amovie star
84%
who's still in theyNavy
83%
Sing us a songtonight
83%
Toforgetabout life for a while
83%
And thewaitress
83%
It's a pretty goodcrowdfor a Saturday
83%
slowly getstoned
83%
Andsay"Man, what are you doing here?"
82%
And they sit at thebar
81%
Sing us a songyou'rethe paino man
81%
And he's talkin' withDavy,
81%
He says"Bill
81%
NowJohnat the bar
80%
Who never had time for awife
80%
is a realestatenovelist
79%
As thebusinessmen
79%
smells likebeer
78%
And thepiano,
76%
it sounds like acarnival
75%
And themicrophone
75%
And putbreadin my jar
75%
Yes, theysharinga drink
71%
And themanagergives me a smile
71%
La la la,dida da
64%
la ladida da da dum
63%
La ladida da da dum
63%
Oh, la la ladida da
63%
NowPaul
62%
la ladida da da dum
60%
Oh la la ladida da
60%

Score Distribution

Percentile by Number Answered

Percent of People with Each Score

Your Score History

You have not taken this quiz